Statistics for Seas of Greece

Click here to take the quiz!

General Stats

  • This quiz has been taken 136 times
  • The average score is 3 of 7

Answer Stats

Sea% Correct
Aegean Sea
97%
Ionian Sea
84%
Mediterranean Sea
68%
Sea of Crete
45%
Myrtoan Sea
19%
Levantine Sea
8%
Lybian Sea
3%

Score Distribution

Percentile by Number Answered

Percent of People with Each Score

Your Score History

You have not taken this quiz